000 00678nam a22002057a 4500
005 20251108165813.0
008 250721s1997 xx 000 0 ara d
082 1 4 _aط/624.2/بار
100 1 _aباركر، ستيف
245 1 0 _aلماذا الأنفاق مستديرة و غيرها من الأسئله حول البناء /
264 1 _aبيروت :
_bالدار العربية للعلوم،
_c1997.
300 _a31ص:مص
490 0 _aلماذا ؟
650 1 7 _aالجسور
650 1 7 _aالأنفاق
653 _aأطفال مرحلة متوسطة (6-9 سنوات)
700 1 _aسماحه، ناتالي
_eTran.
942 _2ddc
_cBK
999 _c31709
_d31709